[Event "45 Otwarte Mistrzostwa Chorzowa OPEN FI"]
[Site "MDK Batory"]
[Date "2009.03.28"]
[Round "1.1"]
[White "Kalinin, Oleg"]
[Black "Stepaniec, Lukasz"]
[Result "1-0"]
[WhiteElo "2377"]
[BlackElo "1885"]
[PlyCount "81"]
[EventDate "2009.??.??"]

1. d4 Nf6 2. Nf3 d5 3. c4 c6 4. e3 g6 5. Nc3 Bg7 6. Be2 O-O 7. O-O dxc4 8. Bxc4
b5 9. Bd3 Bb7 10. a3 e6 11. e4 a6 12. e5 Nd5 13. Ne4 Nd7 14. b4 N7b6 15. Nc5
Qc7 16. Bd2 Nd7 17. Nb3 f6 18. exf6 Rxf6 19. Rc1 Re8 20. Be4 Qd6 21. Na5 Ba8
22. Re1 e5 23. dxe5 Nxe5 24. Bxd5+ cxd5 25. Nxe5 Rxe5 26. Rxe5 Qxe5 27. Be3 Re6
28. Nb3 Bf8 29. Nd4 Re8 30. Qg4 Bb7 31. g3 Bd6 32. h4 Qe4 33. Qd7 Bxg3 34. Qxb7
Bxf2+ 35. Bxf2 Qg4+ 36. Kf1 Qh3+ 37. Kg1 Qg4+ 38. Kh2 Qf4+ 39. Kh3 Qxf2 40.
Qxd5+ Kh8 41. Nf3 1-0

[Event "45 Otwarte Mistrzostwa Chorzowa OPEN FI"]
[Site "MDK Batory"]
[Date "2009.03.28"]
[Round "1.2"]
[White "Rak, Dariusz"]
[Black "Mulet, Piotr"]
[Result "0-1"]
[WhiteElo "1884"]
[BlackElo "2303"]
[PlyCount "62"]
[EventDate "2009.??.??"]

1. d4 Nf6 2. c4 g6 3. Nc3 d5 4. cxd5 Nxd5 5. e4 Nxc3 6. bxc3 Bg7 7. Bc4 O-O 8.
Be3 c5 9. Ne2 Nc6 10. O-O Bg4 11. f3 cxd4 12. cxd4 Na5 13. Bxf7+ Rxf7 14. fxg4
Rxf1+ 15. Kxf1 e5 16. d5 Nc4 17. Qb3 b5 18. Kg1 Bf8 19. Bf2 a6 20. a4 Qa5 21.
Ra2 Bc5 22. Nc3 Bd4 23. Rc2 Rf8 24. axb5 axb5 25. Bxd4 exd4 26. Qa2 Qb6 27. Nd1
d3+ 28. Rf2 d2 29. Qb3 Rxf2 30. Nxf2 Qe3 31. g3 Qxb3 0-1

[Event "45 Otwarte Mistrzostwa Chorzowa OPEN FI"]
[Site "MDK Batory"]
[Date "2009.03.28"]
[Round "1.3"]
[White "Osipow, Nikolaj"]
[Black "Sobek, Piotr"]
[Result "1-0"]
[WhiteElo "2251"]
[BlackElo "1866"]
[PlyCount "107"]
[EventDate "2009.??.??"]

1. d4 Nf6 2. Nf3 e6 3. e3 b6 4. Be2 Bb7 5. O-O c5 6. b3 cxd4 7. Nxd4 Nc6 8. Bb2
Bc5 9. c4 Qe7 10. Nc3 O-O 11. Na4 Rad8 12. Nxc5 bxc5 13. Nxc6 Bxc6 14. Qc2 Ne4
15. f3 Nd6 16. Qc3 f5 17. Qa5 Nc8 18. Qc7 Qg5 19. Bc1 Rf7 20. e4 Qe7 21. e5 f4
22. Rf2 Qe8 23. Qa5 Rf5 24. Bd3 Rf7 25. Qxc5 d6 26. exd6 Nxd6 27. Bc2 Nf5 28.
Bxf4 Nd4 29. Bg3 Rfd7 30. Re1 Rc8 31. Qe5 Qf7 32. Be4 Re8 33. Bxc6 Nxc6 34. Qc5
Nd4 35. Be5 Nf5 36. Rfe2 Qg6 37. Qf2 Red8 38. c5 Rc8 39. b4 a6 40. a4 Rb7 41.
Re4 Qe8 42. Qa2 Rc6 43. Bd6 Nxd6 44. Rxe6 Kf8 45. Rxe8+ Nxe8 46. Qd5 Rbc7 47.
Re6 Nf6 48. Qd8+ Kf7 49. Rxc6 Rxc6 50. Qa8 Re6 51. b5 axb5 52. axb5 Re8 53.
Qa7+ Re7 54. b6 1-0

[Event "45 Otwarte Mistrzostwa Chorzowa OPEN FI"]
[Site "MDK Batory"]
[Date "2009.03.28"]
[Round "1.4"]
[White "Klementys, Jerzy"]
[Black "Galyga, Zbigniew"]
[Result "1/2-1/2"]
[WhiteElo "1859"]
[BlackElo "2217"]
[PlyCount "174"]
[EventDate "2009.??.??"]

1. d4 f5 2. c4 Nf6 3. Nf3 e6 4. e3 d5 5. Nbd2 c6 6. Ne5 Bd6 7. Ndf3 O-O 8. g3
Bd7 9. Bg2 Be8 10. O-O Nbd7 11. a4 Bh5 12. Qc2 Bxf3 13. Nxf3 Ne4 14. c5 Bc7 15.
b4 g5 16. Nd2 g4 17. b5 Qg5 18. Rb1 Rab8 19. bxc6 bxc6 20. Rxb8 Rxb8 21. Nxe4
fxe4 22. Bd2 Qd8 23. Rb1 Nf6 24. h3 h5 25. Rxb8 Qxb8 26. h4 Kf7 27. Be1 Ne8 28.
Bf1 Qb7 29. Bc3 Ke7 30. Be2 Bb8 31. Qb2 Qxb2 32. Bxb2 Nf6 33. Bc3 Kd7 34. Ba6
Ng8 35. Kf1 Ne7 36. Ke2 Ng6 37. Kd1 Bc7 38. Ke2 Bd8 39. Kf1 Bf6 40. Ke1 Nf8 41.
Kd2 Be7 42. Bb4 Kc7 43. Ba5+ Kd7 44. Bb4 e5 45. dxe5 Ne6 46. Kc3 Bf8 47. Kd2
Bg7 48. Bc3 Nxc5 49. Be2 Ke6 50. Bd4 Nxa4 51. Bxa7 Bxe5 52. Ba6 Kd7 53. Bd4 Bc7
54. Kc2 Bb6 55. Bxb6 Nxb6 56. Kc3 Kd6 57. Be2 Nd7 58. Ba6 Nc5 59. Be2 Ke5 60.
Bf1 Nd7 61. Ba6 c5 62. Bb5 Nf6 63. Bc6 d4+ 64. exd4+ cxd4+ 65. Kd2 d3 66. Bb5
Kd4 67. Bc6 Kc4 68. Ba4 Kc5 69. Bb3 Nd5 70. Ba4 Nb6 71. Be8 Kd4 72. Bxh5 Nc4+
73. Kd1 Ne5 74. Kd2 Nc4+ 75. Kd1 Kc3 76. Bxg4 e3 77. Ke1 d2+ 78. Kf1 Kd3 79. h5
Ne5 80. Be2+ Ke4 81. h6 Ng6 82. fxe3 Kxe3 83. Bd1 Nh8 84. Kg2 Ke4 85. Kf2 Kf5
86. Ke3 Kg6 87. Kxd2 Kxh6 1/2-1/2

[Event "45 Otwarte Mistrzostwa Chorzowa OPEN FI"]
[Site "MDK Batory"]
[Date "2009.03.28"]
[Round "1.5"]
[White "Banasik, Henryk"]
[Black "Solek, Zenon"]
[Result "1-0"]
[WhiteElo "2121"]
[BlackElo "1852"]
[PlyCount "49"]
[EventDate "2009.??.??"]

1. e4 c5 2. Nf3 e6 3. d4 cxd4 4. Nxd4 a6 5. c4 Nf6 6. Nc3 Qc7 7. Bd3 d6 8. O-O
Be7 9. Be3 b6 10. Rc1 Nbd7 11. f4 Bb7 12. b4 Rc8 13. Qf3 h6 14. Qg3 Bf8 15. Nf3
Qb8 16. e5 Nh7 17. Bd4 Bxf3 18. Rxf3 dxe5 19. fxe5 f5 20. Qg6+ Ke7 21. Bxf5 Ng5
22. Bxe6 Nxf3+ 23. gxf3 Nxe5 24. Bxe5 Qxe5 25. Qf7+ 1-0

[Event "45 Otwarte Mistrzostwa Chorzowa OPEN FI"]
[Site "MDK Batory"]
[Date "2009.03.28"]
[Round "1.6"]
[White "Santura, Janusz"]
[Black "Kuciel, Wladyslaw"]
[Result "0-1"]
[WhiteElo "1852"]
[BlackElo "2121"]
[PlyCount "56"]
[EventDate "2009.??.??"]

1. d4 Nf6 2. Nf3 e6 3. Bg5 d5 4. e3 c5 5. Nbd2 Nc6 6. c3 Be7 7. Bd3 cxd4 8.
exd4 h6 9. Bf4 Qb6 10. Rb1 Nh5 11. Bg3 Nxg3 12. hxg3 Bf6 13. O-O O-O 14. Re1
Bd7 15. Ne5 Bxe5 16. dxe5 f6 17. exf6 Rxf6 18. Qe2 Raf8 19. Nf3 e5 20. Nxe5
Nxe5 21. Qxe5 Rxf2 22. Qxd5+ Kh8 23. Qxd7 Rf1+ 24. Kh2 Qg1+ 25. Kh3 Qh1+ 26.
Kg4 R1f4+ 27. gxf4 Qxg2+ 28. Kh5 Qh2+ 0-1

[Event "45 Otwarte Mistrzostwa Chorzowa OPEN FI"]
[Site "MDK Batory"]
[Date "2009.03.28"]
[Round "1.7"]
[White "Sroka, Janusz"]
[Black "Muc, Zbigniew"]
[Result "0-1"]
[WhiteElo "2109"]
[BlackElo "1848"]
[PlyCount "81"]
[EventDate "2009.??.??"]

1. e4 c6 2. d4 d5 3. exd5 cxd5 4. Nf3 Nc6 5. Ne5 Nxe5 6. dxe5 e6 7. Bd3 Qc7 8.
O-O Bc5 9. Qe2 Ne7 10. Nc3 a6 11. Kh1 Ng6 12. f4 b5 13. Bd2 Bb7 14. a4 b4 15.
Na2 Qe7 16. c3 bxc3 17. Nxc3 O-O 18. Qh5 f5 19. exf6 Rxf6 20. Rf3 Nf8 21. Re1
Rh6 22. Qg5 Qf7 23. f5 e5 24. Qg3 Rb6 25. Qxe5 Nd7 26. Qg3 Rxb2 27. Bc1 Rb6 28.
Re6 Rc8 29. a5 Rxe6 30. fxe6 Qxe6 31. Bf5 Qc6 32. Qh3 Nf6 33. Be6+ Kh8 34. Bg5
Re8 35. Rxf6 Bd4 36. Rf3 Bxc3 37. Rxc3 Qxe6 38. Re3 Qg6 39. Qf5 Rc8 40. Qe5 h6
41. Bf4 0-1

[Event "45 Otwarte Mistrzostwa Chorzowa OPEN FI"]
[Site "MDK Batory"]
[Date "2009.03.28"]
[Round "1.8"]
[White "Kostowski, Andrzej"]
[Black "Janiszewski, Maciej"]
[Result "0-1"]
[WhiteElo "1846"]
[BlackElo "2093"]
[PlyCount "72"]
[EventDate "2009.??.??"]

1. d4 Nc6 2. Nf3 d5 3. g3 f6 4. e3 e5 5. c3 Bg4 6. Be2 Qd7 7. Nh4 Bh3 8. Bf1
O-O-O 9. a3 e4 10. Nd2 g5 11. Ng2 h5 12. Nb3 Nh6 13. Bd2 Qf5 14. Qe2 a6 15. Bc1
Bg4 16. Qd2 Bf3 17. h3 h4 18. Nc5 hxg3 19. fxg3 Bd6 20. Qf2 Nf7 21. Kd2 Rh6 22.
Kc2 Qh7 23. h4 Bxc5 24. dxc5 d4 25. Bc4 Nfe5 26. Be6+ Kb8 27. Kb1 Nd3 28. Qc2
Nxc5 29. Ba2 d3 30. Qd2 Ne5 31. Rg1 f5 32. b4 Ne6 33. Bb3 Be2 34. Ne1 f4 35.
Ka2 f3 36. Bb2 f2 0-1

[Event "45 Otwarte Mistrzostwa Chorzowa OPEN FI"]
[Site "MDK Batory"]
[Date "2009.03.28"]
[Round "1.9"]
[White "Kempa, Stefan"]
[Black "Stepniewski, Jerzy"]
[Result "1-0"]
[WhiteElo "2080"]
[BlackElo "1810"]
[PlyCount "103"]
[EventDate "2009.??.??"]

1. Nf3 g6 2. g3 Bg7 3. Bg2 c6 4. d4 e6 5. c4 Ne7 6. Nc3 d5 7. c5 Nd7 8. Bf4 b6
9. cxb6 axb6 10. O-O O-O 11. Qd2 b5 12. a3 Nb6 13. b3 Nf5 14. g4 Nd6 15. Ne5
Bb7 16. Rfc1 f6 17. Nd3 Rf7 18. Nc5 Bc8 19. h3 e5 20. Be3 f5 21. dxe5 Bxe5 22.
Bd4 Bxd4 23. Qxd4 Qf6 24. Qxf6 Rxf6 25. g5 Rf8 26. f4 Re8 27. Kf2 Ra7 28. e3
Kg7 29. Ne2 Rae7 30. Rc3 Nb7 31. Nxb7 Bxb7 32. Nd4 h6 33. h4 hxg5 34. hxg5 Ba8
35. Bf1 Nc8 36. Nxc6 Nd6 37. Nxe7 Ne4+ 38. Kg1 Nxc3 39. Rc1 Rxe7 40. Rxc3 Ra7
41. b4 Kf7 42. Bxb5 Ke7 43. a4 Kd6 44. Rc8 Ke7 45. Rh8 Bb7 46. Rh7+ Kd6 47. a5
Bc6 48. Rxa7 Bxb5 49. Rh7 Bc4 50. a6 d4 51. a7 dxe3 52. a8=Q 1-0

[Event "45 Otwarte Mistrzostwa Chorzowa OPEN FI"]
[Site "MDK Batory"]
[Date "2009.03.28"]
[Round "1.10"]
[White "Karcz, Bartlomiej"]
[Black "Widera, Jan"]
[Result "1-0"]
[WhiteElo "1799"]
[BlackElo "2030"]
[PlyCount "105"]
[EventDate "2009.??.??"]

1. e4 c5 2. Nf3 Nc6 3. d4 cxd4 4. Nxd4 Nf6 5. Nc3 g6 6. Bc4 Bg7 7. Be3 O-O 8.
O-O Nxe4 9. Nxe4 d5 10. Nxc6 bxc6 11. Bd3 dxe4 12. Bxe4 Qc7 13. c3 Rb8 14. Qc2
e5 15. Bc5 Rd8 16. Rfd1 Be6 17. b3 f5 18. Bf3 e4 19. Be2 Be5 20. h3 Qg7 21.
Rac1 Rd5 22. b4 Rbd8 23. Bc4 Rxd1+ 24. Rxd1 Bd5 25. Qa4 Qf6 26. Bxd5+ cxd5 27.
Qxa7 Qc6 28. Qa3 f4 29. Qb3 h5 30. Bd4 Bb8 31. a4 f3 32. gxf3 Qe6 33. Kf1 exf3
34. Be3 Qxh3+ 35. Ke1 Qf5 36. c4 d4 37. c5+ Kh7 38. Rxd4 Rxd4 39. Bxd4 Be5 40.
Be3 h4 41. Qc4 g5 42. c6 h3 43. c7 h2 44. c8=Q h1=Q+ 45. Kd2 Qxc8 46. Qxc8 Qa1
47. Qf5+ Kg7 48. Qxg5+ Kf7 49. Qf5+ Ke8 50. Qe6+ Kf8 51. Bh6+ Bg7 52. Qc8+ Kf7
53. Qd7+ 1-0

[Event "45 Otwarte Mistrzostwa Chorzowa OPEN FI"]
[Site "MDK Batory"]
[Date "2009.03.28"]
[Round "1.11"]
[White "Noga, Jozef"]
[Black "Czornik, Adam"]
[Result "1/2-1/2"]
[WhiteElo "2030"]
[BlackElo "1770"]
[PlyCount "56"]
[EventDate "2009.??.??"]

1. d4 e6 2. Nf3 Nf6 3. c4 b6 4. e3 Bb7 5. Nc3 Bb4 6. Bd3 c5 7. O-O O-O 8. a3
cxd4 9. axb4 dxc3 10. bxc3 d5 11. cxd5 Bxd5 12. Bb2 Qc7 13. Qe2 Nbd7 14. c4 Bb7
15. h3 Rfd8 16. Rfd1 a5 17. bxa5 bxa5 18. Qc2 e5 19. Bf5 g6 20. Bxd7 Bxf3 21.
gxf3 Rxd7 22. Rxd7 Nxd7 23. Qe4 Rc8 24. Rd1 Nc5 25. Qd5 Ne6 26. Bxe5 Qxc4 27.
Qxc4 Rxc4 28. Rb1 Rc8 1/2-1/2

[Event "45 Otwarte Mistrzostwa Chorzowa OPEN FI"]
[Site "MDK Batory"]
[Date "2009.03.28"]
[Round "1.12"]
[White "Krzempek, Krystian"]
[Black "Kazek, Krzysztof"]
[Result "1/2-1/2"]
[WhiteElo "1767"]
[BlackElo "2029"]
[PlyCount "25"]
[EventDate "2009.??.??"]

1. d4 Nf6 2. Bg5 d5 3. Bxf6 exf6 4. e3 c6 5. Bd3 Bd6 6. c3 f5 7. g3 g6 8. Ne2
Nd7 9. Nd2 Nf6 10. Qc2 Ne4 11. h4 h5 12. Nf4 Qe7 13. Nxe4 1/2-1/2

[Event "45 Otwarte Mistrzostwa Chorzowa OPEN FI"]
[Site "MDK Batory"]
[Date "2009.03.28"]
[Round "1.13"]
[White "Skrzyczek, Tomasz"]
[Black "Czornik, Janusz"]
[Result "1/2-1/2"]
[WhiteElo "2027"]
[BlackElo "1749"]
[PlyCount "66"]
[EventDate "2009.??.??"]

1. Nf3 e6 2. b3 Nf6 3. Bb2 Be7 4. g3 b6 5. Bg2 Bb7 6. O-O O-O 7. d3 d5 8. Nbd2
c5 9. e4 Qc7 10. Be5 Qc8 11. Qe2 Nbd7 12. Bxf6 Bxf6 13. e5 Be7 14. c3 a5 15. a4
Qc7 16. Rfe1 Rae8 17. h4 f6 18. d4 fxe5 19. dxe5 d4 20. cxd4 Bd5 21. dxc5 Bxc5
22. Qd3 Qb7 23. Re2 Bb4 24. Ng5 g6 25. f4 Nc5 26. Bxd5 Qxd5 27. Qxd5 exd5 28.
Rb1 h6 29. Ngf3 Bxd2 30. Nxd2 g5 31. hxg5 hxg5 32. b4 Nxa4 33. Rf2 Nc3 1/2-1/2

[Event "45 Otwarte Mistrzostwa Chorzowa OPEN FI"]
[Site "MDK Batory"]
[Date "2009.03.28"]
[Round "1.14"]
[White "Korcz, Daniel"]
[Black "Sztwiertnia, Krzysztof"]
[Result "0-1"]
[WhiteElo "1742"]
[BlackElo "2021"]
[PlyCount "126"]
[EventDate "2009.??.??"]

1. e4 c5 2. Nf3 b6 3. Nc3 Bb7 4. Bc4 e6 5. O-O Nf6 6. Re1 d6 7. d4 cxd4 8. Nxd4
Qc8 9. Bb3 a6 10. Bg5 Be7 11. f4 Nc6 12. f5 Nxd4 13. Qxd4 O-O 14. Bxf6 Bxf6 15.
Qxb6 exf5 16. exf5 Rb8 17. Qxd6 Qxf5 18. Rad1 Qg4 19. Nd5 Bd4+ 20. Kh1 Rbd8 21.
Qf4 Qxf4 22. Nxf4 Bxb2 23. Nd3 Bf6 24. Nc5 Bc8 25. Ne4 Be7 26. Rf1 Rxd1 27.
Rxd1 Bf5 28. Ng3 Bg4 29. Rd4 Rd8 30. Rxd8+ Bxd8 31. h3 Bd7 32. Kg1 Kf8 33. Ne4
f5 34. Nc3 Ke7 35. Kf1 Kd6 36. Nd5 a5 37. a4 Kc5 38. Kf2 Kd4 39. c3+ Kd3 40.
Kf3 g5 41. h4 h6 42. hxg5 hxg5 43. Kf2 Bc6 44. Kf3 Bf6 45. c4 Bd4 46. g3 Bb7
47. Kg2 Ba6 48. Ne7 Bb7+ 49. Kh3 f4 50. gxf4 gxf4 51. Nf5 Bc8 52. Kg4 f3 53.
Kxf3 Bxf5 54. Kf4 Bh7 55. Ba2 Kc3 56. c5 Bxc5 57. Be6 Kb4 58. Ke5 Bc2 59. Bd5
Bxa4 60. Ke4 Bc2+ 61. Kf3 a4 62. Ke2 Kc3 63. Bc6 a3 0-1

[Event "45 Otwarte Mistrzostwa Chorzowa OPEN FI"]
[Site "MDK Batory"]
[Date "2009.03.28"]
[Round "1.15"]
[White "Kaleta, Lukasz"]
[Black "Rzepka, Maciej"]
[Result "1-0"]
[WhiteElo "1982"]
[BlackElo "1737"]
[PlyCount "93"]
[EventDate "2009.??.??"]

1. Nf3 Nf6 2. d4 g6 3. c4 Bg7 4. Nc3 O-O 5. e4 d6 6. Be2 e5 7. Be3 Qe8 8. d5
Na6 9. a3 Ng4 10. Qd2 f5 11. exf5 Bxf5 12. b4 Kh8 13. h3 Nxe3 14. Qxe3 c5 15.
b5 Nc7 16. Ne4 Bxe4 17. Qxe4 Qf7 18. Bd3 Ne8 19. Ra2 Bh6 20. O-O Qg7 21. g3 Rd8
22. Kg2 Rd7 23. h4 Rdf7 24. Ng5 Bxg5 25. hxg5 Kg8 26. Be2 Rf5 27. f4 Nc7 28.
Bg4 R5f7 29. Raf2 exf4 30. Rxf4 Rxf4 31. Rxf4 Rxf4 32. Qxf4 Qf8 33. Qe4 Qe8 34.
Be6+ Nxe6 35. dxe6 Qe7 36. Kf3 Kg7 37. Qg4 h6 38. gxh6+ Kxh6 39. Ke4 g5 40. Kd5
Kg6 41. Qe4+ Kf6 42. g4 b6 43. Qf5+ Kg7 44. Qf7+ Qxf7 45. exf7 Kxf7 46. Kxd6
Kg6 47. Ke6 1-0

[Event "45 Otwarte Mistrzostwa Chorzowa OPEN FI"]
[Site "MDK Batory"]
[Date "2009.03.28"]
[Round "1.16"]
[White "Faron, Rafal"]
[Black "Radzikowski, Dawid"]
[Result "1-0"]
[WhiteElo "1707"]
[BlackElo "1953"]
[PlyCount "55"]
[EventDate "2009.??.??"]

1. e4 e5 2. Nf3 Nc6 3. Bc4 Bc5 4. c3 Qe7 5. O-O d6 6. d4 Bb6 7. Ng5 Nd8 8. dxe5
dxe5 9. Kh1 f6 10. Nh3 Nf7 11. Qb3 Bxh3 12. gxh3 Ngh6 13. Rg1 Nd6 14. Bxh6 gxh6
15. Nd2 O-O-O 16. Rg2 Kb8 17. a4 f5 18. a5 Bc5 19. Bd5 Ka8 20. Rag1 c6 21. Rg7
Qf6 22. Nc4 Nb5 23. Rf7 Qh4 24. Rxb7 Kxb7 25. Qxb5+ Bb6 26. Qxc6+ Ka6 27. axb6
Rxd5 28. b7# 1-0

[Event "45 Otwarte Mistrzostwa Chorzowa OPEN FI"]
[Site "MDK Batory"]
[Date "2009.03.28"]
[Round "1.17"]
[White "Kawala, Maciej"]
[Black "Mandla, Maciej"]
[Result "1-0"]
[WhiteElo "1953"]
[BlackElo "1690"]
[PlyCount "91"]
[EventDate "2009.??.??"]

1. e4 c5 2. Nc3 d6 3. f4 Nf6 4. Nf3 a6 5. a4 Qc7 6. Bc4 e6 7. d3 Be7 8. O-O Nc6
9. Kh1 O-O 10. Be3 Kh8 11. d4 cxd4 12. Bxd4 Nxd4 13. Qxd4 Rd8 14. Bb3 h6 15. f5
Qa5 16. fxe6 Bxe6 17. Bd5 Qc7 18. Nh4 Bxd5 19. exd5 Qc5 20. Nf5 Rd7 21. Rae1
Qxd4 22. Nxd4 Rf8 23. Nf5 Bd8 24. Rf3 Kh7 25. Rd3 g6 26. Ng3 Ng4 27. Rf3 Ne5
28. Rff1 f5 29. Re2 Bb6 30. h3 h5 31. Rd1 Kh6 32. Nb1 Kg5 33. Nd2 Kh4 34. Kh2
Ng4+ 35. hxg4 hxg4 36. Ngf1 Kg5 37. g3 Rh7+ 38. Kg2 Rfh8 39. Nc4 Bc5 40. c3 Rh1
41. Nce3 Bxe3 42. Rxe3 f4 43. gxf4+ Kxf4 44. Rd4+ Kg5 45. Rg3 R8h4 46. Rdxg4+
1-0

[Event "45 Otwarte Mistrzostwa Chorzowa OPEN FI"]
[Site "MDK Batory"]
[Date "2009.03.28"]
[Round "1.18"]
[White "Szczecina, Kamil"]
[Black "Blasiak, Miroslaw"]
[Result "0-1"]
[WhiteElo "1686"]
[BlackElo "1950"]
[PlyCount "64"]
[EventDate "2009.??.??"]

1. e4 e5 2. Nf3 Nc6 3. d4 exd4 4. Bc4 Nf6 5. e5 d5 6. Bb5 Ne4 7. Nxd4 Bd7 8.
Bxc6 bxc6 9. O-O Bc5 10. Be3 Bb6 11. f3 Nc5 12. Nd2 O-O 13. f4 f6 14. N2f3 Qe7
15. Re1 Ne4 16. c3 Rad8 17. Rc1 c5 18. Nc2 Bg4 19. exf6 Qxf6 20. h3 Bh5 21. g4
Be8 22. Ne5 Qh4 23. Qf3 Ng5 24. Qf1 Qg3+ 25. Kh1 Nxh3 26. f5 d4 27. cxd4 cxd4
28. Nxd4 Bxd4 29. Qc4+ Kh8 30. Bxd4 Rxd4 31. Nf7+ Bxf7 32. Qxf7 Nf2# 0-1

[Event "45 Otwarte Mistrzostwa Chorzowa OPEN FI"]
[Site "MDK Batory"]
[Date "2009.03.28"]
[Round "1.20"]
[White "Klama, Andrzej"]
[Black "Rychlik, Bogdan"]
[Result "0-1"]
[WhiteElo "1663"]
[BlackElo "1927"]
[PlyCount "88"]
[EventDate "2009.??.??"]

1. e4 c5 2. Nf3 a6 3. g3 g6 4. Bg2 Bg7 5. c3 Nc6 6. Na3 b5 7. Nc2 e6 8. d4 cxd4
9. cxd4 d5 10. e5 Nge7 11. O-O O-O 12. Nh4 f6 13. f4 Bd7 14. b3 Qb6 15. Be3
Rac8 16. b4 a5 17. a3 Rf7 18. g4 Qc7 19. Qe2 fxe5 20. dxe5 Nxe5 21. fxe5 Rxf1+
22. Kxf1 Qxc2 23. Qxc2 Rxc2 24. bxa5 Bxe5 25. Rc1 Rxc1+ 26. Bxc1 Bc8 27. Bd2
Nc6 28. Nf3 Bc7 29. Ke2 Nxa5 30. Bb4 Nc4 31. Kd3 Ne5+ 32. Nxe5 Bxe5 33. h3 Kg7
34. Bc3 Kf6 35. h4 Bxc3 36. Kxc3 Ke5 37. Bf1 d4+ 38. Kb4 Bd7 39. Bd3 Kf4 40. h5
gxh5 41. gxh5 Ke3 42. Bc2 d3 43. Bd1 Kd2 44. Bf3 e5 0-1

[Event "45 Otwarte Mistrzostwa Chorzowa OPEN FI"]
[Site "MDK Batory"]
[Date "2009.03.28"]
[Round "1.21"]
[White "Michalski, Edmund"]
[Black "Jablonski, Lechoslaw"]
[Result "1-0"]
[WhiteElo "1922"]
[BlackElo "1654"]
[PlyCount "63"]
[EventDate "2009.??.??"]

1. d4 Nf6 2. Nf3 g6 3. c4 Bg7 4. Nc3 d6 5. e4 O-O 6. Be2 c5 7. O-O Nc6 8. d5
Ne5 9. Nd2 Neg4 10. h3 Nh6 11. f4 Ne8 12. Nf3 f5 13. e5 Nf7 14. e6 Nh6 15. Be3
b6 16. Ng5 Bb7 17. Qe1 Bf6 18. Qh4 Kg7 19. Bd3 a6 20. g4 b5 21. gxf5 bxc4 22.
Bc2 Bxg5 23. fxg5 Nxf5 24. Bxf5 gxf5 25. Qh6+ Kg8 26. Rf4 Rf6 27. gxf6 Nxf6 28.
Rxf5 Qf8 29. Qh4 Qe8 30. Bh6 Bxd5 31. Nxd5 Rb8 32. Rg5+ 1-0

[Event "45 Otwarte Mistrzostwa Chorzowa OPEN FI"]
[Site "MDK Batory"]
[Date "2009.03.28"]
[Round "1.22"]
[White "Bogacki, Henryk"]
[Black "Marek, Eugeniusz"]
[Result "1-0"]
[WhiteElo "1554"]
[BlackElo "1920"]
[PlyCount "83"]
[EventDate "2009.??.??"]

1. e4 c6 2. d4 d5 3. exd5 cxd5 4. c4 Nf6 5. Nc3 e6 6. Nf3 a6 7. Bd3 Nc6 8. cxd5
Nxd5 9. O-O Be7 10. a3 Bf6 11. Nxd5 Qxd5 12. Be3 Bd7 13. Bc2 Na5 14. b4 Nc6 15.
Bb3 Qh5 16. Rc1 Ne7 17. Rc5 Nf5 18. Qd2 Bc6 19. d5 Rd8 20. Qa2 exd5 21. Bxd5
Bxd5 22. Rxd5 O-O 23. Bb6 Rxd5 24. Qxd5 Ng3 25. Rd1 Qxd5 26. Rxd5 Ne4 27. Rd7
Rc8 28. g3 Bb2 29. a4 Ba3 30. Rxb7 Bxb4 31. a5 Ra8 32. Ne5 f6 33. Nc6 Bf8 34.
Rb8 Rxb8 35. Nxb8 Bc5 36. Bc7 Bd6 37. Nxa6 Bc5 38. Nb8 Bxf2+ 39. Kg2 Bd4 40. a6
Nc5 41. Nc6 Ne6 42. Bb8 1-0

[Event "45 Otwarte Mistrzostwa Chorzowa OPEN FI"]
[Site "MDK Batory"]
[Date "2009.03.28"]
[Round "1.23"]
[White "Buchowski, Adam"]
[Black "Rosicki, Marcin"]
[Result "1-0"]
[WhiteElo "1919"]
[BlackElo "1527"]
[PlyCount "41"]
[EventDate "2009.??.??"]

1. Nf3 d5 2. c4 Nf6 3. cxd5 Nxd5 4. e4 Nb6 5. d4 e6 6. Nc3 Be7 7. Be3 O-O 8.
Bd3 Nc6 9. a3 Nd7 10. Qc2 e5 11. d5 Ncb8 12. O-O c6 13. Rfd1 Re8 14. Bc4 Bd6
15. dxc6 Nf6 16. Nb5 Nxc6 17. Nxd6 Re7 18. Nxf7 Qf8 19. N7xe5+ Kh8 20. Nxc6
bxc6 21. Bc5 1-0

[Event "45 Otwarte Mistrzostwa Chorzowa OPEN FI"]
[Site "MDK Batory"]
[Date "2009.03.29"]
[Round "2.1"]
[White "Blasiak, Miroslaw"]
[Black "Kalinin, Oleg"]
[Result "0-1"]
[WhiteElo "1950"]
[BlackElo "2377"]
[PlyCount "126"]
[EventDate "2009.??.??"]

1. e4 c5 2. Nf3 e6 3. d4 cxd4 4. Nxd4 a6 5. Nc3 Qc7 6. Be2 b5 7. O-O Bb7 8. Bf3
d6 9. Qe2 Be7 10. e5 dxe5 11. Bxb7 Qxb7 12. Qxe5 Nf6 13. Re1 Nc6 14. Nxc6 Qxc6
15. a3 O-O 16. Bg5 Nd7 17. Qg3 Bxg5 18. Qxg5 Nb6 19. Re3 f6 20. Qg4 e5 21. b3
Rad8 22. Rd1 f5 23. Qe2 e4 24. g3 Qc5 25. Kg2 Qxa3 26. f3 Rxd1 27. Qxd1 Qc5 28.
Qe2 exf3+ 29. Rxf3 Qc6 30. Kg1 Re8 31. Qf2 g6 32. Rd3 b4 33. Nd1 Nd7 34. Nb2
Ne5 35. Re3 Ng4 36. Rxe8+ Qxe8 37. Qd2 Qe3+ 38. Qxe3 Nxe3 39. Nd3 Nxc2 40. Kf2
Kf7 41. Nc5 Ke7 42. Nxa6 Kd6 43. Ke2 Nd4+ 44. Kd3 Nxb3 45. Nxb4 Nc5+ 46. Ke3
Ke5 47. Nc2 Ne6 48. Ne1 Ng5 49. Nd3+ Kf6 50. Nf4 Ne6 51. Nd3 Kg5 52. Ne5 Nf8
53. Kf3 Kf6 54. Nd3 Nd7 55. Ke3 Ne5 56. Nf2 g5 57. h3 h5 58. Nd1 Ke6 59. Nc3
Nc4+ 60. Kf3 Ne5+ 61. Ke3 Ng6 62. Kf3 h4 63. gxh4 Nxh4+ 0-1

[Event "45 Otwarte Mistrzostwa Chorzowa OPEN FI"]
[Site "MDK Batory"]
[Date "2009.03.29"]
[Round "2.2"]
[White "Mulet, Piotr"]
[Black "Ronke, Robert"]
[Result "1/2-1/2"]
[WhiteElo "2303"]
[BlackElo "1930"]
[PlyCount "68"]
[EventDate "2009.??.??"]

1. e4 e6 2. d4 d5 3. Nc3 dxe4 4. Nxe4 Bd7 5. Nf3 Bc6 6. Ng3 Nf6 7. Bd3 Nbd7 8.
O-O Bxf3 9. Qxf3 c6 10. Re1 Be7 11. b3 O-O 12. Bb2 Qc7 13. c4 Rfe8 14. Rad1
Rad8 15. a3 Bf8 16. Bc2 b5 17. Ne4 Nxe4 18. Bxe4 Rc8 19. d5 cxd5 20. cxd5 Nc5
21. Bb1 exd5 22. Rxe8 Rxe8 23. Qf5 Ne4 24. g3 Qb6 25. Bd4 Qe6 26. Qf3 Ng5 27.
Qd3 Qe4 28. Qf1 Qg4 29. Bxa7 Nf3+ 30. Kg2 Nh4+ 31. Kg1 Nf3+ 32. Kg2 Nh4+ 33.
Kg1 Nf3+ 34. Kg2 Nh4+ 1/2-1/2

[Event "45 Otwarte Mistrzostwa Chorzowa OPEN FI"]
[Site "MDK Batory"]
[Date "2009.03.29"]
[Round "2.3"]
[White "Rychlik, Bogdan"]
[Black "Osipow, Nikolaj"]
[Result "0-1"]
[WhiteElo "1927"]
[BlackElo "2251"]
[PlyCount "104"]
[EventDate "2009.??.??"]

1. e4 Nf6 2. Nc3 e5 3. Bc4 Nc6 4. a3 d6 5. d3 Be6 6. Bg5 Be7 7. Nf3 Bg4 8. h3
Bh5 9. g4 Bg6 10. Bxf6 Bxf6 11. h4 h5 12. g5 Be7 13. Nd5 Qd7 14. c3 Bd8 15. Bb5
a6 16. Qa4 Rb8 17. Bxc6 bxc6 18. Ne3 Rxb2 19. Nc4 Rb5 20. Qxa6 O-O 21. a4 Rb3
22. Kd2 Be7 23. Kc2 Rbb8 24. Ne3 f5 25. exf5 Bxf5 26. Nd2 Ra8 27. Qc4+ Be6 28.
Qe4 Rxf2 29. a5 Rf4 30. Qg2 d5 31. Qe2 g6 32. a6 Bc5 33. Nf3 Qd6 34. Rhb1 Bb6
35. Ng2 Rff8 36. Rxb6 cxb6 37. Nxe5 Bf5 38. Kd2 d4 39. Nc4 Qc5 40. a7 b5 41.
Qe5 Qxe5 42. Nxe5 Bh3 43. Ne1 Rf2+ 44. Kc1 dxc3 45. Nxc6 Bd7 46. Nb8 Bg4 47.
Nc6 Re2 48. Nc2 Rh2 49. Kb1 Rh1+ 50. Ka2 Be6+ 51. Ka3 Rxa1+ 52. Nxa1 Bd7 0-1

[Event "45 Otwarte Mistrzostwa Chorzowa OPEN FI"]
[Site "MDK Batory"]
[Date "2009.03.29"]
[Round "2.4"]
[White "Michalski, Edmund"]
[Black "Banasik, Henryk"]
[Result "0-1"]
[WhiteElo "1922"]
[BlackElo "2121"]
[PlyCount "90"]
[EventDate "2009.??.??"]

1. d4 Nf6 2. Nf3 g6 3. c4 Bg7 4. Nc3 O-O 5. e4 d6 6. Be2 Nbd7 7. O-O e5 8. Bg5
h6 9. Be3 a6 10. h3 Re8 11. d5 Rb8 12. b4 Nh5 13. Qd2 Nf4 14. Rac1 Qf6 15. Bd1
g5 16. Nh2 Qg6 17. Bf3 h5 18. Kh1 Nf6 19. g3 Nxh3 20. Bg2 Nf4 21. f3 Nxg2 22.
Kxg2 g4 23. Qd3 h4 24. fxg4 hxg3 25. Kxg3 Nxg4 26. Nxg4 Bxg4 27. Kf2 f5 28. Ke1
Rf8 29. Kd2 fxe4 30. Qxe4 Qxe4 31. Nxe4 Bf5 32. Ng3 Bg6 33. Bg5 Rxf1 34. Rxf1
Rf8 35. Rxf8+ Bxf8 36. Bd8 c6 37. dxc6 bxc6 38. Bg5 d5 39. c5 Kf7 40. a4 Ke6
41. Kc3 Bg7 42. b5 cxb5 43. axb5 axb5 44. Kb4 Be8 45. Bd2 e4 0-1